| 000 | 00950nmc a2200325 a 4500 | ||
|---|---|---|---|
| 003 | AR-BaBNM | ||
| 005 | 20251128204112.0 | ||
| 008 | 115019s1990 ||||||||||||||000 | spa|| | ||
| 020 | _a950-25-1567-6 | ||
| 040 | _cAR-BaBNM | ||
| 100 | 1 | _aSalas, Ernesto | |
| 245 | 1 | 0 |
_aLa resistencia peronista _bla toma del frigorífico Lisandro de la Torre. 2 |
| 260 |
_aBuenos Aires _bCentro Editor de América Latina _c1990 |
||
| 300 | 0 | _ap. 141-229 | |
| 490 | 0 |
_aBiblioteca política Argentina _vv. 298 |
|
| 504 | _aBibliografía en p. 224-229 | ||
| 600 | 1 | 4 | _aFrondizi, Arturo |
| 650 | 4 | _aHISTORIA POLITICA ARGENTINA | |
| 650 | 4 | _aSINDICATOS | |
| 650 | 4 | _aMOVIMIENTO OBRERO | |
| 650 | 4 | _aCONFLICTO LABORAL | |
| 650 | 4 | _aPARTIDOS POLITICOS ARGENTINOS | |
| 651 | 4 | _aArgentina | |
| 653 | 0 | _aRESISTENCIA PERONISTA | |
| 653 | 0 | _aPERONISMO | |
| 653 | 0 | _aFRIGORIFICOS | |
| 800 | 1 |
_aTroncoso, Oscar _edirector |
|
| 942 | _cBK | ||
| 998 | _cenrique | ||
| 999 |
_c6176 _d6176 |
||